00443 2200169 4500245006700000020002200067250001100089100002200100700001100122650002200133005001900155260004200174041001400216084001100230300002300241336000900264 aHidup Damai Tanpa Berpikir BerlebihancNakamura, TsunekohText a978-602-06-4686-2 aCet. 1 aNakamura, Tsuneko aFaizal aPengembangan Diri a20241023150200 aJakartabGramedia Pustaka Utamac2021 aIndonesia a155.25 a148 hlm. :c20 cm. atext